[Event "Muensterland Verbandsliga 1314"]
[Site "Germany"]
[Date "2013.12.07"]
[Round "4.5"]
[White "Kleinwaechter, Matthias"]
[Black "Hofene, Werner"]
[Result "1-0"]
[WhiteElo "1789"]
[BlackElo "1754"]
[PlyCount "75"]
[EventDate "2013.09.07"]
[EventType "team-tourn"]
[EventRounds "9"]
[EventCountry "GER"]
[SourceTitle "EXT 2015"]
[Source "ChessBase"]
[SourceDate "2014.11.20"]
[SourceVersion "1"]
[SourceVersionDate "2014.11.20"]
[SourceQuality "1"]
[WhiteTeam "Saerbeck"]
[BlackTeam "Beelen"]
[WhiteTeamCountry "GER"]
[BlackTeamCountry "GER"]

1. e4 d6 2. d4 Nf6 3. Nc3 g6 4. Be3 Bg7 5. Qd2 c6 6. 0-0-0 b5 7. Bd3 Qa5 8. Kb1 b4 9. Nce2 Be6 10. Nc1 Ng4 11. Nf3 Nxe3 12. Qxe3 Nd7 13. Rhe1 Nb6 14. d5 Bxb2 15. Kxb2 cxd5 16. exd5 Nxd5 17. Qd4 0-0 18. Ng5 Nc3 19. Nxe6 Nxd1+ 20. Rxd1 fxe6 21. Ne2 Rac8 22. Qe4 Qf5 23. f3 Qf6+ 24. Qd4 e5 25. Qe4 e6 26. Kb1 d5 27. Qe3 a5 28. Bb5 Qf5 29. Ba4 d4 30. Qd3 Qg5 31. Bd7 Rc5 32. Bxe6+ Kg7 33. g3 Qh5 34. f4 Qxh2 35. fxe5 Rf2 36. Bc4 Rxe5 37. Nxd4 Qh6 38. Nf3 1-0

[Event "Muensterland Verbandsklasse-B 1213"]
[Site "Germany"]
[Date "2013.03.16"]
[Round "7.7"]
[White "Kleinwaechter, Matthias"]
[Black "Robers, Frank"]
[Result "1/2-1/2"]
[WhiteElo "1826"]
[BlackElo "1638"]
[PlyCount "43"]
[EventDate "2012.09.15"]
[EventType "team-tourn"]
[EventRounds "9"]
[EventCountry "GER"]
[SourceTitle "EXT 2015"]
[Source "ChessBase"]
[SourceDate "2014.11.20"]
[SourceVersion "1"]
[SourceVersionDate "2014.11.20"]
[SourceQuality "1"]
[WhiteTeam "Saerbeck"]
[BlackTeam "Gescher"]
[WhiteTeamCountry "GER"]
[BlackTeamCountry "GER"]

1. e4 c5 2. Bc4 e6 3. Nc3 d6 4. Nf3 Be7 5. d4 cxd4 6. Qxd4 Nf6 7. Bg5 0-0 8. Rd1 Nc6 9. Qd2 Qa5 10. 0-0 a6 11. Bb3 h6 12. Bh4 Ne5 13. Qe2 b5 14. Nxe5 dxe5 15. Rd3 Rd8 16. Rxd8+ Qxd8 17. Rd1 Qc7 18. a3 Bb7 19. Rd3 Rd8 20. h3 Rxd3 21. cxd3 Qc5 22. Qe3 1/2-1/2

[Event "Muensterland Verbandsliga 1011"]
[Site "Germany"]
[Date "2010.11.27"]
[Round "3.6"]
[White "Kleinwaechter, Matthias"]
[Black "Wessel, Johannes"]
[Result "0-1"]
[WhiteElo "1921"]
[BlackElo "1813"]
[PlyCount "128"]
[EventDate "2010.09.25"]
[EventType "team-tourn"]
[EventRounds "9"]
[EventCountry "GER"]
[SourceTitle "EXT 2012"]
[Source "ChessBase"]
[SourceDate "2011.11.24"]
[SourceVersion "1"]
[SourceVersionDate "2011.11.24"]
[SourceQuality "1"]
[WhiteTeam "Saerbeck"]
[BlackTeam "Steinfurt"]
[WhiteTeamCountry "GER"]
[BlackTeamCountry "GER"]

1. e4 c5 2. Nc3 g6 3. f4 Bg7 4. Bc4 d6 5. Nf3 e6 6. d3 Ne7 7. 0-0 0-0 8. Qe1 d5 9. Bb3 Nbc6 10. Kh1 a6 11. f5 dxe4 12. dxe4 exf5 13. Bg5 Qc7 14. Nd5 Nxd5 15. exd5 Nd4 16. Nxd4 cxd4 17. Qh4 Re8 18. Rae1 Bd7 19. Be7 Bb5 20. d6 Qc6 21. Rf3 Ba4 22. Qg3 Bxb3 23. Rxb3 Qd7 24. Rb6 Rac8 25. Qb3 Rb8 26. h3 Bf8 27. Qg3 Bxe7 28. Rxe7 Rxe7 29. dxe7 Re8 30. Rd6 Qxe7 31. Rxd4 Qe1+ 32. Qxe1 Rxe1+ 33. Kh2 Re2 34. Rc4 Kg7 35. Rc7 b5 36. Kg3 Kf6 37. Kf3 Re7 38. Rc6+ Re6 39. Rc7 Re7 40. Rc6+ Re6 41. Rc7 g5 42. a3 h5 43. c4 g4+ 44. Kf2 bxc4 45. Rxc4 Kg5 46. b4 f4 47. a4 g3+ 48. Kf1 Re3 49. Rc6 f3 50. Rc5+ f5 51. gxf3 Rxf3+ 52. Kg2 Rb3 53. b5 axb5 54. axb5 h4 55. Rd5 Rb2+ 56. Kg1 Kf4 57. Rc5 Ke4 58. Rc4+ Ke3 59. Rc5 f4 60. Re5+ Kd4 61. Re8 Rxb5 62. Kg2 Rb2+ 63. Kf3 Rf2+ 64. Kg4 g2 0-1

[Event "Muensterland Verbandsliga 0910"]
[Site "Germany"]
[Date "2010.03.06"]
[Round "7.7"]
[White "Kleinwaechter, Matthias"]
[Black "Tenhuendfeld, Bernd"]
[Result "1-0"]
[WhiteElo "1897"]
[BlackElo "1775"]
[PlyCount "93"]
[EventDate "2009.09.26"]
[EventType "team-tourn"]
[EventRounds "9"]
[EventCountry "GER"]
[SourceTitle "EXT 2011"]
[Source "ChessBase"]
[SourceDate "2010.11.26"]
[SourceVersion "1"]
[SourceVersionDate "2010.11.26"]
[SourceQuality "1"]
[WhiteTeam "Saerbeck"]
[BlackTeam "Ahaus Wessum"]
[WhiteTeamCountry "GER"]
[BlackTeamCountry "GER"]

1. e4 d6 2. d4 Nf6 3. Nc3 g6 4. Bg5 Bg7 5. e5 Nfd7 6. f4 0-0 7. Nf3 f6 8. Bc4+ Kh8 9. Bh4 Nb6 10. Be2 c6 11. 0-0 Na6 12. a3 Nc7 13. Bd3 Nbd5 14. Qd2 dxe5 15. fxe5 f5 16. Nxd5 Nxd5 17. c4 Nc7 18. Bg5 Ne6 19. Bc2 Nxg5 20. Qxg5 Be6 21. b3 a5 22. Rfd1 Qc7 23. Kh1 Rad8 24. h4 c5 25. d5 Bf7 26. Qf4 h5 27. Rd3 b5 28. Rad1 bxc4 29. bxc4 Rb8 30. Ba4 Rfd8 31. d6 exd6 32. exd6 Qa7 33. Ne5 Bxe5 34. Qxe5+ Kg8 35. Bb5 Rxb5 36. cxb5 c4 37. R3d2 Rd7 38. a4 Qb6 39. Rd4 Kh7 40. Rf4 Qd8 41. Qc5 c3 42. Qxc3 Rxd6 43. Rxd6 Qxd6 44. Qd4 Qe7 45. b6 Be8 46. Rf1 Bc6 47. Rc1 1-0

[Event "Hessen-ch Seniors op 04th"]
[Site "Bad Sooden-Allendorf"]
[Date "2008.04.28"]
[Round "5"]
[White "Boehm, Siegfried"]
[Black "Kleinwaechter, Matthias"]
[Result "1-0"]
[WhiteElo "1999"]
[BlackElo "1903"]
[PlyCount "73"]
[EventDate "2008.04.24"]
[EventType "swiss"]
[EventRounds "9"]
[EventCountry "GER"]
[SourceTitle "EXT 2022"]
[Source "ChessBase"]
[SourceDate "2021.10.06"]
[SourceVersion "1"]
[SourceVersionDate "2021.10.06"]
[SourceQuality "1"]

1. d4 Nf6 2. Nf3 g6 3. Bf4 Bg7 4. e3 d6 5. h3 0-0 6. Be2 Nbd7 7. 0-0 c5 8. c4 a6 9. Nc3 Ne8 10. Qd2 Nc7 11. Rfd1 Qe8 12. Ne4 Ne6 13. Bh2 Kh8 14. Nc3 Bh6 15. d5 Ng7 16. g4 f6 17. Ne1 f5 18. Ng2 Nf6 19. f3 Bd7 20. Qc2 Rb8 21. a4 b6 22. b3 Qf7 23. Rf1 Rg8 24. e4 e5 25. dxe6 Qxe6 26. Rad1 Nge8 27. Nf4 Qe7 28. Bd3 Bc6 29. Rde1 Qd7 30. exf5 gxf5 31. Bxf5 Qb7 32. Ne4 Rd8 33. Ne6 Ra8 34. Nxf6 Nxf6 35. Qc3 Bg7 36. Nxg7 Qxg7 37. Bxd6 1-0

[Event "Hessen-ch Seniors op 04th"]
[Site "Bad Sooden-Allendorf"]
[Date "2008.04.27"]
[Round "4"]
[White "Kleinwaechter, Matthias"]
[Black "Niebling, Ferdinand"]
[Result "1/2-1/2"]
[WhiteElo "1903"]
[BlackElo "2062"]
[PlyCount "37"]
[EventDate "2008.04.24"]
[EventType "swiss"]
[EventRounds "9"]
[EventCountry "GER"]
[SourceTitle "EXT 2022"]
[Source "ChessBase"]
[SourceDate "2021.10.06"]
[SourceVersion "1"]
[SourceVersionDate "2021.10.06"]
[SourceQuality "1"]

1. e4 c5 2. Nf3 Nc6 3. Nc3 Nf6 4. Bb5 g6 5. d4 cxd4 6. Nxd4 Bg7 7. Be3 0-0 8. 0-0 Ng4 9. Qxg4 Nxd4 10. Bxd4 Bxd4 11. Qg3 Qa5 12. Bc4 Bxc3 13. bxc3 d6 14. Rab1 Qc7 15. Bd5 e6 16. Bb3 Bd7 17. Rbd1 Bc6 18. Rfe1 Rfd8 19. h4 1/2-1/2

[Event "Muensterland Verbandsliga 0607"]
[Site "Germany"]
[Date "2007.05.05"]
[Round "9.8"]
[White "Roescher, Mark"]
[Black "Kleinwaechter, Matthias"]
[Result "1/2-1/2"]
[WhiteElo "2022"]
[BlackElo "1983"]
[PlyCount "66"]
[EventDate "2006.09.16"]
[EventType "team-tourn"]
[EventRounds "9"]
[EventCountry "GER"]
[SourceTitle "EXT 2008"]
[Source "ChessBase"]
[SourceDate "2007.11.25"]
[SourceVersion "1"]
[SourceVersionDate "2007.11.25"]
[SourceQuality "1"]
[WhiteTeam "Heiden"]
[BlackTeam "Westbevern"]
[WhiteTeamCountry "GER"]
[BlackTeamCountry "GER"]

1. c4 Nf6 2. Nc3 g6 3. e4 d6 4. d4 Bg7 5. Nf3 0-0 6. Be2 e5 7. 0-0 exd4 8. Nxd4 Re8 9. f3 c6 10. Re1 d5 11. cxd5 cxd5 12. Bb5 Nc6 13. Be3 Qd6 14. Bf2 Bd7 15. exd5 Nxd5 16. Ne4 Qc7 17. Rc1 Rad8 18. Bxc6 bxc6 19. Nc5 Bc8 20. Qa4 Bh6 21. Rb1 Bf5 22. Nxf5 gxf5 23. Qh4 Bg7 24. g3 Qa5 25. Qc4 Qd2 26. Nb3 Rxe1+ 27. Rxe1 Qxb2 28. Qxc6 Qxa2 29. Re8+ Rxe8 30. Qxe8+ Bf8 31. Bc5 Qb1+ 32. Kg2 Qb2+ 33. Kh3 Qg7 1/2-1/2

[Event "Muensterland Verbandsliga 0607"]
[Site "Germany"]
[Date "2007.03.17"]
[Round "7.8"]
[White "Sparwel, Oliver"]
[Black "Kleinwaechter, Matthias"]
[Result "1-0"]
[WhiteElo "1910"]
[BlackElo "1983"]
[PlyCount "85"]
[EventDate "2006.09.16"]
[EventType "team-tourn"]
[EventRounds "9"]
[EventCountry "GER"]
[SourceTitle "EXT 2008"]
[Source "ChessBase"]
[SourceDate "2007.11.25"]
[SourceVersion "1"]
[SourceVersionDate "2007.11.25"]
[SourceQuality "1"]
[WhiteTeam "Suedlohn"]
[BlackTeam "Westbevern"]
[WhiteTeamCountry "GER"]
[BlackTeamCountry "GER"]

1. Nf3 Nf6 2. g3 g6 3. Bg2 Bg7 4. 0-0 c5 5. d3 0-0 6. e4 Nc6 7. c3 d6 8. Qc2 Bg4 9. h3 Bxf3 10. Bxf3 Qc7 11. a4 Rab8 12. Bg2 Rfc8 13. f4 a6 14. g4 b5 15. axb5 axb5 16. Qf2 b4 17. g5 Nd7 18. Be3 e6 19. f5 exf5 20. exf5 Nde5 21. f6 Bf8 22. d4 Nc4 23. Bf4 cxd4 24. cxd4 Qb6 25. Rd1 Re8 26. b3 N4a5 27. Bd5 Qb5 28. Qf3 Re2 29. Bg3 Rbe8 30. Rd3 Qb6 31. Bf2 Rc2 32. Nd2 Qb5 33. h4 h6 34. h5 Kh7 35. Kg2 Rc3 36. hxg6+ fxg6 37. Rxc3 bxc3 38. Nc4 Nxc4 39. bxc4 Qb2 40. Bxc6 Qxa1 41. Bxe8 c2 42. Qb7+ Kh8 43. Bxg6 1-0

[Event "EU-chT Seniors 09th"]
[Site "Dresden"]
[Date "2007.02.19"]
[Round "4"]
[White "Feavyour, John"]
[Black "Kleinwaechter, Matthias"]
[Result "1-0"]
[WhiteElo "2095"]
[BlackElo "2009"]
[PlyCount "81"]
[EventDate "2007.02.16"]
[EventType "team-swiss"]
[EventRounds "9"]
[EventCountry "GER"]
[SourceTitle "CBM 117 Extra"]
[Source "ChessBase"]
[SourceDate "2007.05.09"]
[SourceVersion "1"]
[SourceVersionDate "2007.05.09"]
[SourceQuality "1"]

1. d4 Nf6 2. c4 g6 3. Nc3 Bg7 4. e4 d6 5. Nge2 0-0 6. Ng3 Nbd7 7. Be2 c6 8. h4 h6 9. h5 g5 10. f4 gxf4 11. Bxf4 e5 12. dxe5 Nxe5 13. Nf5 Bxf5 14. exf5 Re8 15. Kf1 Qb6 16. Rh3 Kh7 17. g4 Rad8 18. g5 hxg5 19. Bxg5 Rg8 20. Be3 Qa5 21. Qc2 Bh6 22. Ne4 Nxe4 23. Qxe4 f6 24. b4 Qc7 25. Rd1 Rde8 26. Qd4 Bxe3 27. Rxe3 Qg7 28. Ke1 Qg5 29. Kd2 c5 30. bxc5 dxc5 31. Qxc5 b6 32. Qa3 Nc6 33. Re1 Re5 34. Bf3 Na5 35. Qd3 Rge8 36. Bd5 Qf4 37. Be6 Re7 38. Kc2 Rg7 39. Rxe5 fxe5 40. f6+ e4 41. Rxe4 1-0

[Event "Muensterland Verbandsliga 0607"]
[Site "Germany"]
[Date "2006.10.28"]
[Round "2.8"]
[White "Kleinwaechter, Matthias"]
[Black "Binger, Friedhelm"]
[Result "1-0"]
[WhiteElo "1983"]
[BlackElo "1826"]
[PlyCount "78"]
[EventDate "2006.09.16"]
[EventType "team-tourn"]
[EventRounds "9"]
[EventCountry "GER"]
[SourceTitle "EXT 2008"]
[Source "ChessBase"]
[SourceDate "2007.11.25"]
[SourceVersion "1"]
[SourceVersionDate "2007.11.25"]
[SourceQuality "1"]
[WhiteTeam "Westbevern"]
[BlackTeam "Gronau"]
[WhiteTeamCountry "GER"]
[BlackTeamCountry "GER"]

1. e4 e5 2. Nf3 Nc6 3. Bb5 a6 4. Ba4 Nf6 5. Qe2 b5 6. Bb3 Bc5 7. c3 d6 8. d3 h6 9. Nbd2 0-0 10. 0-0 Bg4 11. Re1 Ne7 12. Nf1 Ng6 13. Be3 Bxe3 14. fxe3 c5 15. Rad1 Qb6 16. Kh1 Rae8 17. Ng3 a5 18. Rf1 a4 19. Bc2 Qc6 20. c4 b4 21. Qf2 Bd7 22. Nf5 a3 23. bxa3 bxa3 24. N3h4 Nh7 25. Rb1 Nxh4 26. Qxh4 Bxf5 27. Rxf5 Rb8 28. Bb3 f6 29. Qh5 Qe8 30. Qd1 Qc6 31. Qc1 Qa8 32. Rf1 Ng5 33. Qc3 Ne6 34. Bc2 Qa7 35. Rb5 Rxb5 36. cxb5 Nd8 37. Bb3+ Kh7 38. Bc4 Nb7 39. Rb1 Ra8 1-0

[Event "GER-chT Seniors 15th"]
[Site "Bad Blankenburg"]
[Date "2006.09.06"]
[Round "4.4"]
[White "Reer, Erdmann"]
[Black "Kleinwaechter, Matthias"]
[Result "0-1"]
[WhiteElo "2099"]
[BlackElo "1972"]
[PlyCount "120"]
[EventDate "2006.09.03"]
[EventType "team-swiss"]
[EventRounds "7"]
[EventCountry "GER"]
[SourceTitle "CBM 114 Extra"]
[Source "ChessBase"]
[SourceDate "2006.11.03"]
[SourceVersion "1"]
[SourceVersionDate "2006.11.03"]
[SourceQuality "1"]

1. e4 c5 2. Nc3 Nc6 3. g3 g6 4. Bg2 Bg7 5. Nge2 e6 6. d3 d6 7. 0-0 Nge7 8. Be3 0-0 9. Qd2 b6 10. Bh6 Bb7 11. Bxg7 Kxg7 12. Rad1 a6 13. d4 Qc7 14. d5 exd5 15. Nxd5 Nxd5 16. exd5 Ne7 17. c4 Rae8 18. b3 Bc8 19. Qb2+ f6 20. Rfe1 Nf5 21. Nf4 Nd4 22. Qd2 Re5 23. Ne2 Nf5 24. Nf4 Rfe8 25. Nd3 R5e7 26. Rxe7+ Rxe7 27. Re1 Nd4 28. Rxe7+ Qxe7 29. Qe3 Nf5 30. Qxe7+ Nxe7 31. Kf1 g5 32. Ke1 Bf5 33. Kd2 Bxd3 34. Kxd3 f5 35. a3 Kf6 36. f4 h6 37. Bf3 Kg6 38. b4 Ng8 39. Ke3 Nf6 40. Kd3 g4 41. Bg2 h5 42. bxc5 bxc5 43. Ke3 h4 44. gxh4 Kh5 45. Bf1 Kxh4 46. Bd3 Kh3 47. Bxf5 Kxh2 48. Bxg4 Nxg4+ 49. Ke4 Kg3 50. Kf5 Ne3+ 51. Ke6 Nxc4 52. f5 Kf4 53. f6 Ne5 54. Kxd6 c4 55. Ke6 c3 56. d6 c2 57. f7 Nxf7 58. Kxf7 c1Q 59. d7 Qc7 60. Ke8 Qe5+ 0-1

[Event "GER-chT Seniors 15th"]
[Site "Bad Blankenburg"]
[Date "2006.09.03"]
[Round "1.4"]
[White "Franck, Rudolf"]
[Black "Kleinwaechter, Matthias"]
[Result "1-0"]
[WhiteElo "2186"]
[BlackElo "1972"]
[PlyCount "90"]
[EventDate "2006.09.03"]
[EventType "team-swiss"]
[EventRounds "7"]
[EventCountry "GER"]
[SourceTitle "CBM 114 Extra"]
[Source "ChessBase"]
[SourceDate "2006.11.03"]
[SourceVersion "1"]
[SourceVersionDate "2006.11.03"]
[SourceQuality "1"]

1. d4 Nf6 2. e3 c5 3. c3 e6 4. Nd2 d5 5. Bd3 Nc6 6. f4 c4 7. Bc2 b5 8. Ngf3 Be7 9. Ne5 Bb7 10. Qf3 g6 11. 0-0 Qc7 12. Qh3 Nxe5 13. fxe5 Ne4 14. Qf3 f5 15. exf6 Nxf6 16. Qh3 0-0 17. e4 dxe4 18. Nxe4 Qc6 19. Ng5 Nh5 20. Rxf8+ Rxf8 21. Be4 Qc8 22. Bxb7 Qxb7 23. Qxe6+ Kg7 24. Qe4 Qxe4 25. Nxe4 a5 26. a3 Nf4 27. Bxf4 Rxf4 28. Re1 b4 29. axb4 axb4 30. Nd2 bxc3 31. bxc3 Bd8 32. Nxc4 Rf7 33. Nd6 Rd7 34. Nb5 Ba5 35. Rc1 Bb6 36. Kf2 Rd5 37. Rb1 Rh5 38. h3 Ba5 39. Rb3 Rh4 40. Ra3 Bb6 41. Ra6 Bd8 42. Ra7+ Kh6 43. Nd6 Rf4+ 44. Kg3 g5 45. Nf7+ Kh5 1-0

[Event "Dortmund Sparkassen op-A"]
[Site "Dortmund"]
[Date "2006.08.04"]
[Round "7"]
[White "Kleinwaechter, Matthias"]
[Black "Simon, Thomas"]
[Result "1-0"]
[WhiteElo "1972"]
[BlackElo "2045"]
[PlyCount "61"]
[EventDate "2006.07.28"]
[EventType "swiss"]
[EventRounds "9"]
[EventCountry "GER"]
[SourceTitle "CBM 113 Extra"]
[Source "ChessBase"]
[SourceDate "2006.09.14"]
[SourceVersion "1"]
[SourceVersionDate "2006.09.14"]
[SourceQuality "1"]

1. e4 c5 2. Nf3 Nc6 3. Nc3 e5 4. Bc4 d6 5. d3 Be7 6. h3 Nf6 7. 0-0 h6 8. Be3 g5 9. Nh2 Be6 10. Nd5 a6 11. Nxf6+ Bxf6 12. Bxe6 fxe6 13. Qh5+ Kd7 14. c3 Qe8 15. Qd1 Qg6 16. b4 cxb4 17. cxb4 Nxb4 18. Rb1 b5 19. Rxb4 h5 20. f3 g4 21. fxg4 Bg5 22. Qd2 hxg4 23. Nxg4 Be7 24. a4 Rh4 25. Qe2 Rg8 26. axb5 a5 27. Qc2 Rc8 28. Rc4 Rhh8 29. b6 Rxc4 30. Qxc4 Rc8 31. Qb5+ 1-0

[Event "Dortmund Sparkassen op-A"]
[Site "Dortmund"]
[Date "2006.08.01"]
[Round "4"]
[White "Kleinwaechter, Matthias"]
[Black "Zeldin, Leonid"]
[Result "1/2-1/2"]
[WhiteElo "1972"]
[BlackElo "1909"]
[PlyCount "110"]
[EventDate "2006.07.28"]
[EventType "swiss"]
[EventRounds "9"]
[EventCountry "GER"]
[SourceTitle "CBM 113 Extra"]
[Source "ChessBase"]
[SourceDate "2006.09.14"]
[SourceVersion "1"]
[SourceVersionDate "2006.09.14"]
[SourceQuality "1"]

1. e4 Nc6 2. d4 e5 3. dxe5 Nxe5 4. Nf3 Nxf3+ 5. Qxf3 Qf6 6. Qg3 Qg6 7. Bd3 Qxg3 8. hxg3 d6 9. Nc3 Bd7 10. Nd5 0-0-0 11. Be3 Ne7 12. Bxa7 Re8 13. Be3 Bc6 14. c4 f5 15. 0-0-0 fxe4 16. Bxe4 Nxd5 17. Bxd5 Bxd5 18. Rxd5 Re4 19. Rd4 Re6 20. Rf4 Be7 21. Rg4 Bf6 22. Bd4 Bxd4 23. Rxd4 Re2 24. Rd2 Re4 25. Rh4 Re1+ 26. Kc2 h6 27. Rf4 Rhe8 28. Rf7 R8e7 29. Rxe7 Rxe7 30. Kd3 Kd7 31. Re2 Rf7 32. f3 Rf5 33. Re4 g5 34. g4 Rf8 35. Ke3 c6 36. g3 d5 37. cxd5 cxd5 38. Rd4 Kd6 39. f4 Re8+ 40. Kd2 Kc5 41. Rd3 gxf4 42. gxf4 Rg8 43. Rg3 Kd4 44. f5 Ke5 45. Kd3 d4 46. f6 Kxf6 47. Kxd4 Kg5 48. Rg2 Kf4 49. a4 Rxg4 50. Rc2 Kg5+ 51. Kc5 Rxa4 52. b4 Ra6 53. Kb5 h5 54. Rc7 h4 55. Rxb7 Rh6 1/2-1/2

[Event "Bad Bertrich Seniors op"]
[Site "Bad Bertrich"]
[Date "2005.12.02"]
[Round "1"]
[White "Ljubarskij, Jurij"]
[Black "Kleinwaechter, Matthias"]
[Result "1-0"]
[WhiteElo "2293"]
[BlackElo "1982"]
[PlyCount "51"]
[EventDate "2005.12.02"]
[EventType "swiss"]
[EventRounds "9"]
[EventCountry "GER"]
[SourceTitle "EXT 2007"]
[Source "ChessBase"]
[SourceDate "2006.11.23"]
[SourceVersion "1"]
[SourceVersionDate "2006.11.23"]
[SourceQuality "1"]

1. e4 c5 2. Nc3 a6 3. f4 Nc6 4. Nf3 g6 5. g3 Bg7 6. Bg2 d6 7. d3 Nf6 8. 0-0 0-0 9. h3 Bd7 10. g4 b5 11. Qe1 Rc8 12. Nd1 Nd4 13. Ne3 Nxf3+ 14. Bxf3 Kh8 15. Bd2 Qb6 16. c3 Bc6 17. g5 Ng8 18. h4 f6 19. f5 gxf5 20. Nxf5 fxg5 21. hxg5 Be8 22. Bg4 Rb8 23. Qh4 Bg6 24. Bh5 d5 25. Nxg7 Kxg7 26. Bf4 1-0

[Event "GER-chT Seniors 14th"]
[Site "Sottrum"]
[Date "2005.09.23"]
[Round "6"]
[White "Kleinwaechter, Matthias"]
[Black "Hedke, Manfred"]
[Result "1-0"]
[WhiteElo "1982"]
[BlackElo "1773"]
[PlyCount "133"]
[EventDate "2005.09.18"]
[EventType "team-swiss"]
[EventRounds "7"]
[EventCountry "GER"]
[SourceTitle "CBM 108 Extra"]
[Source "ChessBase"]
[SourceDate "2005.11.04"]
[SourceVersion "1"]
[SourceVersionDate "2005.11.04"]
[SourceQuality "1"]

1. e4 e5 2. Nf3 Nf6 3. Nxe5 d6 4. Nf3 Nxe4 5. Nc3 Nxc3 6. dxc3 Be7 7. Bf4 Nd7 8. Qd2 Nf6 9. 0-0-0 0-0 10. Bd3 Be6 11. Nd4 Nh5 12. Be3 g6 13. Kb1 a6 14. h4 c5 15. Nf3 Qa5 16. Bh6 Rfe8 17. a3 Rad8 18. Ng5 Bg4 19. f3 Bd7 20. g4 Ng7 21. Qf4 Be6 22. Rhe1 Rd7 23. h5 c4 24. Bf1 Qd5 25. hxg6 fxg6 26. Nxe6 Nxe6 27. Qxc4 Qxc4 28. Bxc4 d5 29. Bxd5 Rxd5 30. Rxe6 Rd7 31. Rde1 Kf7 32. f4 Bh4 33. R1e4 Red8 34. Rb6 Rd1+ 35. Ka2 R8d7 36. Rd4 R1xd4 37. cxd4 Ke8 38. Re6+ Kf7 39. Re4 Rd5 40. c4 Rd6 41. Kb3 Bf2 42. Kc3 Bh4 43. c5 Rc6 44. a4 Bf6 45. Kc4 Rc7 46. b4 b6 47. Kd5 bxc5 48. dxc5 Be7 49. c6 Rc8 50. b5 axb5 51. axb5 Rb8 52. Kc4 Ra8 53. c7 Bd6 54. b6 Bxc7 55. bxc7 Rc8 56. Kc5 Rxc7+ 57. Kd6 Ra7 58. Rc4 Ra8 59. Rc7+ Kg8 60. Ke6 Rb8 61. Kf6 Ra8 62. Rc6 Rb8 63. f5 Ra8 64. fxg6 hxg6 65. Kxg6 Rb8 66. Bg5 Ra8 67. Rd6 1-0